La Papesse Jeanne (Record no. 125559)

MARC details
000 -LEADER
campo de control de longitud fija 01115nam a2200277 i 4500
001 - NÚMERO DE CONTROL
campo de control 125559
003 - IDENTIFICADOR DE NÚMERO DE CONTROL
campo de control ES-MaACL
005 - FECHA Y HORA DE LA ÚLTIMA TRANSACCIÓN
campo de control 20260304164125.0
007 - CAMPO FIJO DE DESCRIPCIÓN FÍSICA--INFORMACIÓN GENERAL
campo de control de longitud fija t|
008 - DATOS DE LONGITUD FIJA--INFORMACIÓN GENERAL
campo de control de longitud fija 070619s1981 fr ||||1| fre d
020 ## - NÚMERO INTERNACIONAL ESTÁNDAR DEL LIBRO
Número Internacional Estándar del Libro 2-7304-0076-1
080 ## - NÚMERO DE LA CLASIFICACIÓN DECIMAL UNIVERSAL
Número de la Clasificación Decimal Universal 821.133.1-31
100 1# - ENTRADA PRINCIPAL--NOMBRE DE PERSONA
Nombre de persona Rhoides, Emmanouel,
Fechas asociadas al nombre 1836-1904
9 (RLIN) 172897
245 13 - MENCIÓN DEL TÍTULO
Título La Papesse Jeanne
Resto del título : roman médiéval /
Mención de responsabilidad, etc. Emmanuel Rhoïdès ; traduit par Alfred Jarry et Jean Saltas de l'ouvre grecque. (Suivi de) Le Moutardier du pape : opérette bouffe en 3 actes / Alfred Jarry ; édition établie, annotée et présentée par Marc Voline.
260 ## - PUBLICACIÓN, DISTRIBUCIÓN, ETC.
Lugar de publicación, distribución, etc. Paris :
Nombre del editor, distribuidor, etc. Nouvelles éditions Oswald,
Fecha de publicación, distribución, etc. [1981]
300 ## - DESCRIPCIÓN FÍSICA
Extensión 279 p. :
Otras características físicas il. ;
Dimensiones 22 cm.
490 1# - MENCIÓN DE SERIE
Mención de serie Les Oiseaux de nuit ;
Designación de volumen o secuencia 2
500 ## - NOTA GENERAL
Nota general Biblioteca Jacinto Martínez Lacalle.
650 #4 - PUNTO DE ACCESO ADICIONAL DE MATERIA--TÉRMINO DE MATERIA
Término de materia o nombre geográfico como elemento de entrada Juana, Papisa (Personaje de ficción)
9 (RLIN) 13965
700 1# - ENTRADA AGREGADA--NOMBRE PERSONAL
Nombre de persona Voline, Marc.
9 (RLIN) 115694
700 1# - ENTRADA AGREGADA--NOMBRE PERSONAL
Nombre de persona Jarry, Alfred,
Fechas asociadas al nombre 1873-1907
9 (RLIN) 66144
740 3# - ENTRADA AGREGADA--TÍTULO RELACIONADO/ANALÍTICO NO CONTROLADO
Título relacionado o analítico no controlado Le Moutardier du pape.
830 0# - PUNTO DE ACCESO ADICIONAL DE SERIE-TÍTULO UNIFORME
Título uniforme Les Oiseaux de nuit ;
Designación de volumen o secuencia 2
9 (RLIN) 219051
852 ## - LOCALIZACIÓN
Ubicación ES-MaACL
Número de control de estantería E-11722
Sublocalización o colección R.139736
Holdings
Estatus retirado Estado de pérdida Estado de daño No para préstamo Biblioteca de origen Biblioteca actual Ubicación en estantería Fecha de adquisición Fuente de adquisición Total de préstamos Signatura topográfica completa Código de barras Visto por última vez Precio de reemplazo Tipo de ítem Koha
        Biblioteca del Ateneo de Madrid Biblioteca del Ateneo de Madrid Depósito 2 17/01/2008     E-11722 1130798 23/02/2023 23/02/2023 Libro impreso